[Event "ARG-ch Amateur U1700"]
[Site "Suipacha"]
[Date "2019.11.17"]
[Round "5.2"]
[White "Ibanez, Jonathan"]
[Black "Latashen, Maximo"]
[Result "0-1"]
[WhiteElo "1584"]
[BlackElo "1677"]
[PlyCount "152"]
[EventDate "2019.11.15"]
[EventType "swiss"]
[EventRounds "8"]
[EventCountry "ARG"]
[SourceTitle "EXT 2024"]
[Source "ChessBase"]
[SourceDate "2023.10.10"]
[SourceVersion "1"]
[SourceVersionDate "2023.10.10"]
[SourceQuality "1"]

1. d4 d5 2. Bf4 c5 3. c3 Nc6 4. Nf3 Qb6 5. b3 Bf5 6. e3 Nf6 7. Bd3 Bxd3 8. Qxd3 e6 9. 0-0 Nh5 10. Be5 Nxe5 11. Nxe5 cxd4 12. cxd4 Bd6 13. Nf3 0-0 14. Nbd2 Ba3 15. Qe2 Rac8 16. Nb1 Bd6 17. Qd3 Qa6 18. Qxa6 bxa6 19. a3 a5 20. Nbd2 Rc2 21. Rfd1 Nf6 22. Ne1 Rc3 23. Rdc1 Rfc8 24. Rxc3 Rxc3 25. Kf1 Nd7 26. Ke2 Nb6 27. Nd3 a4 28. b4 Kf8 29. Nc5 Ke7 30. Kd1 Kd8 31. Nb1 Rc4 32. Kd2 e5 33. Nb7+ Ke7 34. Nxd6 Kxd6 35. Nc3 a6 36. dxe5+ Kxe5 37. Ne2 Rc8 38. Kd3 Nc4 39. Ra2 a5 40. b5 Rb8 41. Nd4 Kd6 42. g3 g6 43. h4 h5 44. Ke2 f6 45. Kd3 Rb7 46. Rc2 Nxa3 47. Rc6+ Ke7 48. Re6+ Kf7 49. Ra6 Nc4 50. e4 a3 51. exd5 a2 52. Nc2 Na3 53. Na1 Rxb5 54. Ra7+ Ke8 55. Kc3 Rb1 56. Rxa5 Nb5+ 57. Kc2 Rxa1 58. Kb2 Rb1+ 59. Kxa2 Nc3+ 60. Ka3 Ra1+ 61. Kb4 Rxa5 62. Kxa5 Nxd5 63. Kb5 Ke7 64. Kc5 Ke6 65. Kd4 g5 66. hxg5 fxg5 67. Ke4 Nf6+ 68. Ke3 Kf5 69. Kf3 g4+ 70. Ke3 Nd5+ 71. Kd3 Ke5 72. f4+ gxf3 73. Kd2 Ke4 74. Ke1 Ke3 75. Kf1 f2 76. g4 Kf3 0-1

[Event "ARG-ch Amateur U1700"]
[Site "Suipacha"]
[Date "2019.11.15"]
[Round "2.3"]
[White "Ibanez, Jonathan"]
[Black "Rautenberg, Raul"]
[Result "1-0"]
[WhiteElo "1584"]
[BlackElo "1690"]
[PlyCount "91"]
[EventDate "2019.11.15"]
[EventType "swiss"]
[EventRounds "8"]
[EventCountry "ARG"]
[SourceTitle "EXT 2024"]
[Source "ChessBase"]
[SourceDate "2023.10.10"]
[SourceVersion "1"]
[SourceVersionDate "2023.10.10"]
[SourceQuality "1"]

1. d4 Nf6 2. Nf3 d5 3. Bf4 Bf5 4. Nbd2 Nc6 5. c3 e6 6. e3 Bd6 7. Bb5 0-0 8. 0-0 Bxf4 9. exf4 Ne7 10. Ne5 c6 11. Be2 h6 12. Re1 Nd7 13. Ndf3 Ng6 14. Nxd7 Qxd7 15. Ne5 Nxe5 16. fxe5 Rae8 17. Bd3 Bg6 18. Qc2 Bxd3 19. Qxd3 Qe7 20. Re3 c5 21. Rae1 c4 22. Qe2 b5 23. a3 a5 24. Rg3 Kh7 25. Qg4 Rg8 26. f4 g6 27. Rh3 Rg7 28. Ree3 Rh8 29. Rxh6+ Kg8 30. Rxh8+ Kxh8 31. Rh3+ Rh7 32. Rxh7+ Kxh7 33. h4 b4 34. Qg5 Qf8 35. axb4 axb4 36. h5 bxc3 37. bxc3 Qa3 38. Qf6 gxh5 39. Qxf7+ Kh8 40. Qxh5+ Kg7 41. Qg5+ Kh7 42. f5 Qxc3 43. f6 Qa1+ 44. Kh2 Qa7 45. Qh5+ Kg8 46. Qe8+ 1-0